Región noroeste : La producción azucarera /

Tucumán como zona de producción azucarera más importante del país. Los ingenios que elaboran el azúcar a partir de sus propios cultivos de caña y de los pequeños minifundistas que defienden su lugar en este gran negocio.

Guardado en:
Autor Corporativo: Canal Encuentro.
Formato: Deslizar
Series:Geografias
Materias:
Etiquetas: Agregar Etiqueta
Sin Etiquetas, Sea el primero en etiquetar este registro!
LEADER 01161ngm a22003135g 4500
001 CEM.cems023079
008 130507b2005##################0###0#####d
005 20241210141737.0
245 1 0 |a Región noroeste :  |b La producción azucarera /  |c Canal Encuentro. 
300 |a 15'. 
490 0 |a Geografias 
520 |a Tucumán como zona de producción azucarera más importante del país. Los ingenios que elaboran el azúcar a partir de sus propios cultivos de caña y de los pequeños minifundistas que defienden su lugar en este gran negocio. 
538 |a Soporte: DVD - Color: Si - Grabación DRD 2012 
590 |a Identificación SIABUC: DVD Nº 58 - Cargado nuevamente en 982/VAC - ELIMINAR 
500 |a Consultar en ventanilla. 
110 2 |a Canal Encuentro. 
082 9 1 |/ YUN 
653 |a GEOGRAFIAS 
653 |a GEOGRAFIA 
653 |a GEOGRAFIA ARGENTINA 
653 |a REGION NOROESTE 
653 |a NOROESTE 
653 |a NOROESTE ARGENTINO 
653 |a REGIONES 
653 |a AZUCAR 
653 |a INGENIOS AZUCAREROS 
653 |a ZAFRA 
653 |a TUCUMAN 
859 |a CEMS  |b BIB. CEMS - Depto. Recursos Didacticos  |h 918  |i YUN  |k DRD  |p 1722.12  |t Ej.1